| Tag |
First Indicator |
Second Indicator |
Subfields |
| LEADER |
00000nam a2200000Ia 4500 |
| 001 |
in00004205821 |
| 005 |
20200806091239.0 |
| 006 |
m g d |
| 007 |
cr bn |||a|bb| |
| 008 |
901126s1616 enkab o 00| | eng d |
| 035 |
|
|
|a (OCoLC)22737631
|
| 040 |
|
|
|a EBK
|c EBK
|d WaOLN
|
| 037 |
|
|
|a CL0036000053
|b ProQuest. 789 E. Eisenhower Parkway, Ann Arbor, MI 48108-3218
|
| 041 |
1 |
|
|a eng
|h grc
|
| 090 |
|
|
|a BS170
|b 1616
|
| 049 |
|
|
|a UMIA
|
| 130 |
0 |
|
|a Bible.
|l English.
|s Geneva.
|f 1616.
|
| 245 |
1 |
4 |
|a The Bible, that is, the Holy Scriptures contained in the Old and New Testament
|
| 260 |
|
|
|a Imprinted at London :
|b By Robert Barker ...,
|c 1616.
|
| 300 |
|
|
|a 1 online resource ([8], 444 [id est 900], 135 [id est 270], [14] pages :
|b illustrations, maps.
|
| 336 |
|
|
|a text
|b txt
|2 rdacontent
|
| 337 |
|
|
|a computer
|b c
|2 rdamedia
|
| 338 |
|
|
|a online resource
|b cr
|2 rdacarrier
|
| 500 |
|
|
|a Special t.p.: New Testament of our Lord Iesus Christ / translated out of Greeke by Theod. Beza ; whereunto are adioyned briefe summaries of doctrine ... by ... Theod. Beza ; and also short expositions on the phrases and hard places, taken out of the large annotations of the foresaid author and Ioach. Camerarius, by P. Lo. Villerius ; Englished by L. Tomson ; together with the annotations of Fr. Iunius vpon the Reuelation of S. Iohn.
|
| 500 |
|
|
|a "Cum Priuilegio Regiæ Maiestatis."
|
| 500 |
|
|
|a Signatures: [pi]A⁴ A-3L⁶ 3M-3O⁸ 3P-5E⁶ 5F⁴.
|
| 500 |
|
|
|a Title within illustrated border.
|
| 500 |
|
|
|a Pages numbered consecutively on recto only.
|
| 500 |
|
|
|a Includes Apocrypha.
|
| 500 |
|
|
|a Numerous errors in paging.
|
| 500 |
|
|
|a Imperfect: tightly bound, with some loss of printing.
|
| 500 |
|
|
|a Reproduction of original in the British Library.
|
| 510 |
4 |
|
|a STC (2nd edition)
|c 2244
|
| 533 |
|
|
|a Electronic reproduction.
|b Ann Arbor, Mich. :
|c UMI,
|d 1999-
|f (Early English books online)
|n Digital version of: (Early English books, 1475-1640 ; 1786:1)
|7 s1999 miun s
|
| 700 |
1 |
|
|a Bèze, Théodore de,
|d 1519-1605.
|
| 700 |
1 |
|
|a Loyseleur, Pierre,
|d ca. 1530-1590.
|
| 700 |
1 |
|
|a Tomson, Laurence,
|d 1539-1608.
|
| 700 |
1 |
|
|a Junius, Franciscus,
|d 1545-1602.
|
| 730 |
0 |
2 |
|a New Testament of our Lord Iesus Christ.
|
| 730 |
0 |
2 |
|a Bible.
|p O.T.
|p Apocrypha.
|l English.
|f 1616.
|
| 830 |
|
0 |
|a Early English books online.
|
| 856 |
4 |
0 |
|u http://proxy.library.tamu.edu/login?url=https://search.proquest.com/docview/2248526839
|z Connect to the full text of this electronic book
|t 0
|
| 999 |
f |
f |
|s 63c33b94-084b-3360-bfec-c1f80d0cf7ca
|i 4fb10f64-0cc4-3467-987a-84a54632d8f3
|t 0
|
| 952 |
f |
f |
|a Texas A&M University
|b College Station
|c Electronic Resources
|d Available Online
|t 0
|e BS170 1616
|h Library of Congress classification
|
| 998 |
f |
f |
|a BS170 1616
|t 0
|l Available Online
|